000 00974cad a22002175a 4500
001 L155430
008 120321s2012 xxkqr p 0 a0eng u
035 _a(Sirsi) u155430
041 0 _aeng
100 1 _aO' Higgins, Niav
110 2 _aArthur Cox
245 0 4 _aThe real cost of construction disputes
_h[electronic resource]
260 _aDublin
_bArthur Cox
_c2012
520 _aThis note aims to highlight some ways in which parties to construction and engineering contracts can reduce their potential costs' exposure in circumstances where a dispute has arisen and dispute resolution proceedings are inevitable or unavoidable.
590 _aKA NTK
651 4 _aIreland
690 _aDispute resolution
_96236
700 1 _aKilloran, Karen
856 4 0 _uhttps://www.mondaq.com/x/168404/Commercial/The+Real+Cost+of+Construction+Disputes+March&email_access=on
_zView the article free of charge by registering for Mondaq News Alerts at www.mondaq.com
942 _n0
999 _c113568
_d113568